[Event "Daehne Cup Region 14/15 I Rest"]
[Site "Hannover"]
[Date "2014.12.17"]
[Round "4"]
[White "Brand, Klaus"]
[Black "Poschadel, Andreas Gregor"]
[Result "1-0"]
[WhiteElo "1390"]
[BlackElo "789"]
[PlyCount "97"]
[EventDate "2014.11.??"]
[EventType "k.o."]
[EventCountry "GER"]
[SourceTitle "EXT 2022"]
[Source "ChessBase"]
[SourceDate "2021.10.06"]
[SourceVersion "1"]
[SourceVersionDate "2021.10.06"]
[SourceQuality "1"]

1. e4 e5 2. Nf3 Nc6 3. d4 exd4 4. Nxd4 d6 5. c3 Bd7 6. Bb5 Qe7 7. 0-0 Nxd4 8. Bxd7+ Qxd7 9. cxd4 Qc6 10. Nc3 Nf6 11. Re1 Be7 12. Qb3 a6 13. d5 Qb6 14. Qxb6 cxb6 15. a4 0-0 16. Be3 b5 17. axb5 axb5 18. Bf4 Rxa1 19. Rxa1 b4 20. Nb5 Rd8 21. f3 Kf8 22. Rc1 Rd7 23. Rc4 Nh5 24. Rc8+ Rd8 25. Rxd8+ Bxd8 26. Bxd6+ Ke8 27. Bxb4 Bb6+ 28. Kf1 Nf4 29. Nd6+ Kd7 30. Nxb7 Nd3 31. Bc3 Kc7 32. Na5 Nxb2 33. Bxb2 Bxa5 34. Bxg7 Kd7 35. Ke2 Bc7 36. h3 Ke7 37. Ke3 Bb6+ 38. Bd4 Bc7 39. f4 f6 40. e5 fxe5 41. fxe5 Kd7 42. Kf4 Ba5 43. Kf5 Bd8 44. Bc5 Bc7 45. e6+ Ke8 46. d6 Bd8 47. e7 Ba5 48. Ke6 Be1 49. d7# 1-0